LEADER 03953nam 2200637 a 450 001 9910967172103321 005 20260317011517.0 010 $a1-281-93738-X 010 $a9786611937386 010 $a90-474-2369-0 024 7 $a10.1163/ej.9789004165670.i-231 035 $a(CKB)1000000000556774 035 $a(EBL)467734 035 $a(OCoLC)313023685 035 $a(SSID)ssj0000201832 035 $a(PQKBManifestationID)11172743 035 $a(PQKBTitleCode)TC0000201832 035 $a(PQKBWorkID)10250285 035 $a(PQKB)10240817 035 $a(MiAaPQ)EBC467734 035 $z(OCoLC)181142175 035 $a(nllekb)BRILL9789047423690 035 $a(Au-PeEL)EBL467734 035 $a(CaPaEBR)ebr10363946 035 $a(CaONFJC)MIL193738 035 $a(PPN)170692493 035 $a(EXLCZ)991000000000556774 100 $a20071210d2007 uy 0 101 0 $aeng 135 $aur|n|---||||| 181 $ctxt$2rdacontent 182 $cc$2rdamedia 183 $acr$2rdacarrier 200 10$aMethod in unit delimitation /$fedited by Marjo C.A. Korpel, Josef M. Oesch, Stanley E. Porter 205 $aFirst edition. 210 $aLeiden ;$aBoston $cBrill$d2007 215 $a1 online resource (239 pages) 225 1 $aPericope,$x1568-3443 ;$vv. 6 300 $aPapers selected from meetings held in 2004, 2006, and 2007. 311 08$a90-04-16567-3 320 $aIncludes bibliographical references and indexes. 327 $tPreliminary Materials /$rM.C.A. Korpel , J.M. Oesch and S. E. Porter --$tParagraphing In A Tibero-Palestinian Manuscript Of The Prophets And Writings /$rJohannes C. De Moor and Marjo C.A. Korpel --$tThe Leviticus And Joshua Codex From The Schøyen Collection A Closer Look At The Text Divisions /$rKristin De Troyer --$tThe Influence Of Unit Delimitation On Reading And Use Of Greek Manuscripts /$rStanley E. Porter --$tThe Accents Hierarchy And Meaning /$rE.J. Revell --$tGraphic Devices Used By The Editors Of Ancient And Mediaeval Manuscripts To Mark Verse-Lines In Classical Hebrew Poetry /$rSilviu Tatu --$tReflections Upon The Chapter Divisions Of Stephan Langton /$rJoop H.A. Van Banning S.J. --$tUnit Delimitation In The Old Testament An Appraisal /$rWilfred G.E. Watson --$tDiverging Traditions Jeremiah 27?29 (M, S, B) / 34?36 (J) A Proposal For A New Text Edition /$rRaymond De Hoop --$tSample Polyglot Edition Jeremiah 27:1?28:3 (M,S,B) / 34:1?35:3 (J) /$rM.C.A. Korpel , J.M. Oesch and S. E. Porter --$tAbbreviations /$rM.C.A. Korpel , J.M. Oesch and S. E. Porter --$tIndex Of Authors /$rM.C.A. Korpel , J.M. Oesch and S. E. Porter --$tIndex Of Biblical Texts /$rM.C.A. Korpel , J.M. Oesch and S. E. Porter. 330 $aIn this volume selected papers from several Pericope meetings have been combined into a thematic volume, dealing with the method of unit delimitation. A hitherto unnoticed Tibero-Palestinian manuscript from Paris is discussed, as well as the text divisions in the Leviticus and Joshua Codices from the Schoyen collection and a fifth-century lectionary. The volume closes with a proposal for a new polyglot Bible, containing data with regard to unit delimitation from our traditions, Hebrew, Greek, Syriac and Latin. The Pericope Series aims at making available data on unit delimitation found in biblical and related manuscripts to the scholarly world and provides a platform for evaluating this hitherto largely neglected evidence for the benefit of biblical interpretation. 410 0$aPericope ;$vv. 6. 676 $a220.4/046 701 $aKorpel$b Marjo C. A$g(Marjo Christina Annette),$f1958-$01893386 701 $aOesch$b Josef M.$f1943-$01897626 701 $aPorter$b Stanley E.$f1956-$0176503 712 12$aPericope Meeting. 801 0$bMiAaPQ 801 1$bMiAaPQ 801 2$bMiAaPQ 906 $aBOOK 912 $a9910967172103321 996 $aMethod in unit delimitation$94552823 997 $aUNINA